000 00695nam a2200289Ia 4500
005 20260324130815.0
008 008 260324s9999 xx 000 0 eng d
020 _a9781315566948
037 _aEBOOK
040 _aCRL
040 _beng
040 _cCRL
041 _2eng
041 _aeng
084 _qCRL
100 _aPaul McLaughlin
_91183156
245 0 _aAnarchism and Authority
245 2 _bA Philosophical Introduction to Classical Anarchism
260 _bTaylor and Francis
260 _c2007
365 _a
365 _b240
856 _uhttp://www.taylorfrancis.com/books/9781315566948
942 _cEBOOK
999 _c1779678
_d1779678